Filosofía 1: Bachillerato

Gardado en:
Detalles Bibliográficos
Autor Principal: Ríos Pedraza, Francisco (Author)
Formato: Libro
Idioma:Lingua castelá
Publicado: Madrid, España. Oxford University Press España, 2015
Series:Inicia Dual
Subjects:
Tags: Engadir etiqueta
Sen Etiquetas, Sexa o primeiro en etiquetar este rexistro!

MARC

LEADER 00000cam a2200000 a 4500
001 UCC9827
003 CL-VaPUC
005 20231108160828.0
008 191117e20150000sp spa d
999 |c 178748  |d 178746 
020 |a 9788467363685 
040 |c Pontificia Universidad Católica de Valparaíso 
082 0 4 |a 107.12 RIO 2015  |2 21 
100 1 |a Ríos Pedraza, Francisco  |e author  |9 245663 
245 1 0 |a Filosofía 1: Bachillerato 
260 |a Madrid, España.  |b Oxford University Press España,  |c 2015 
300 |a 275 páginas 
490 0 |a Inicia Dual 
583 |a last modification  |c 20191117 22:03:00  |k cmena 
650 0 0 |a Enseñanza de la filosofía   |9 256848 
650 0 0 |a Educación media  |9 499610 
650 0 0 |a Libros de texto  |9 270019 
942 |c BK  |2 ddc 
945 |a cmena  |d 20191117 22:03:00 
952 |0 0  |1 0  |2 ddc  |4 0  |7 0  |9 128397  |a BIBEDU  |b BIBEDU  |d 2019-10-14  |e 39  |g 68000.00  |i 5564085  |r 2019-10-14  |t 1  |v 68000.00  |w 2019-10-14  |y BK 
952 |0 0  |1 0  |3 erb  |4 0  |6 107_120000000000000_RIO_2015  |7 0  |8 A  |9 495446  |a BIBEDU  |b BIBEDU  |i 5564085  |l 3  |o 107.12 RIO 2015  |p 5564085  |r 2022-11-16  |s 2022-10-12  |w 2020-01-06  |y BK  |z Catalogado en:20191117  |k FIL